[Event "Bundesliga 8889"]
[Site "Germany"]
[Date "1989.??.??"]
[Round "?"]
[White "Gruenenwald, Joerg"]
[Black "Federau, Juergen"]
[Result "1-0"]
[WhiteElo "2335"]
[BlackElo "2295"]

1.d4 d5 2.c4 e6 3.Nf3 Nf6 4.g3 Be7 5.Bg2 O-O 6.O-O b6 7.Ne5 Bb7 8.Nc3 Qc8
9.cxd5 exd5 10.Bg5 Qe6 11.Qb3 Rd8 12.e4 dxe4 13.Qxe6 fxe6 14.Nxe4 Bd5 15.Nc3 Bxg2
16.Kxg2 c6 17.Rad1 h6 18.Bc1 Nfd7 19.Ng6 Bd6 20.Bf4 Bxf4 21.Nxf4 Nf8 22.Rfe1 Kf7
23.h4 Na6 24.Nd3 Kg8 25.Ne5 Rac8 26.a3 Nb8 27.f4 Nbd7 28.Kf3 Rc7 29.Ne4 Nxe5+
30.dxe5 Rd5 31.Nc3 Rxd1 32.Rxd1 Rd7 33.Rxd7 Nxd7 34.Ne4 a5 35.h5 Kf8 36.Ke3 Ke7
37.b4 axb4 38.axb4 Kd8 39.Nd6 Ke7 40.Kd4 Kf8 41.b5 cxb5 42.Nxb5 Nc5 43.Nd6 Nb3+
44.Kc4 Nd2+ 45.Kb5 Nf1 46.Ne4 g6 47.hxg6 Kg7 48.Kxb6 Kxg6 49.Kc6 h5 50.Kd7 h4
51.g4 Ng3 52.Nf2 Ne2 53.f5+ exf5 54.e6 Nf4 55.e7 Nd5 56.e8=Q+  1-0

[Event "Bundesliga 8889"]
[Site "Germany"]
[Date "1989.??.??"]
[Round "?"]
[White "Hausner, Ivan"]
[Black "Wells, Peter K"]
[Result "1/2-1/2"]
[WhiteElo "2445"]
[BlackElo "2410"]

1.c4 e6 2.g3 Nf6 3.Bg2 d5 4.d4 Be7 5.Nf3 O-O 6.O-O dxc4 7.Qa4 a6 8.Qxc4 b5
9.Qc2 Bb7 10.Be3 Nbd7 11.Nbd2 Rc8 12.Nb3 Be4 13.Qc1 Nd5 14.Rd1 Qe8 15.Nc5 Nxc5
16.dxc5 Nxe3 17.Qxe3 Bd5 18.Ne5 Rd8 19.c6 Bxg2 20.Kxg2 Rxd1 21.Rxd1 Qa8 22.Qf3 Bd6
23.Nd7 Re8 24.Rd4 f5 25.Rd2 Kh8 26.Rc2 Rd8 27.Kg1 Re8 28.e4 fxe4 29.Qxe4 Qd8
30.h4 Qe7 31.Rc3 Qf7 32.Rf3 Qh5 33.Kg2 Kg8 34.b3 Qd5 35.Re3 Qxe4+ 36.Rxe4 Kf7
37.a4 e5 38.Re2 e4 39.Kh3 g6 40.g4 h6 41.g5 hxg5 42.hxg5 Re6 43.axb5 axb5
44.Nf6 Be7 45.Nxe4 Rxc6 46.Kg4 Rc1 47.f4 Rg1+ 48.Kf3 Rf1+ 49.Kg4 Rg1+ 50.Kf3 Rb1
51.Re3 Bb4 52.Kg4 Rg1+ 53.Kf3 Rd1 54.Nf2 Rf1 55.Kg2 Bc5 56.Kxf1 Bxe3 57.Nd3 Ke6
58.Ke2 Bd4 59.Kf3 Kd5 60.Nb4+ Kc5 61.Nd3+ Kd5 62.Nb4+ Kd6 63.Ke4  1/2-1/2

[Event "EU-chT"]
[Site "Haifa"]
[Date "1989.??.??"]
[Round "1"]
[White "Inkiov, Ventzislav"]
[Black "Dutreeuw, Marc"]
[Result "1/2-1/2"]
[WhiteElo "2475"]
[BlackElo "2400"]

1.d4 d5 2.c4 e6 3.Nf3 Nf6 4.g3 Be7 5.Bg2 O-O 6.O-O dxc4 7.Qc2 a6 8.Qxc4 b5
9.Qc2 Bb7 10.Bf4 Nd5 11.Nbd2 Nd7 12.Ne4 c5 13.dxc5 Rc8 14.Rfd1 Nxc5 15.Nxc5 Rxc5
16.Qe4 Rc4 17.Qb1 Qa8 18.Ng5  1/2-1/2

[Event "EU-chT"]
[Site "Haifa"]
[Date "1989.??.??"]
[Round "3"]
[White "Plachetka, Jan"]
[Black "Lanzani, Mario"]
[Result "1/2-1/2"]
[WhiteElo "2430"]
[BlackElo "2310"]

1.d4 Nf6 2.Nf3 e6 3.g3 d5 4.Bg2 Be7 5.c4 O-O 6.O-O dxc4 7.Qc2 a6 8.a4 Bd7
9.Ne5 Nc6 10.Nxc6 Bxc6 11.Bxc6 bxc6 12.Qxc4 Qd5 13.Na3 Rfd8 14.Qxd5 cxd5
15.Bf4 c5 16.dxc5 Bxc5 17.Rfc1 Ne4 18.e3 Rdc8 19.Kg2 f6 20.g4 e5 21.Bg3 Rab8
22.Rc2 d4 23.exd4 Bxd4 24.Nc4 Nd2 25.Rxd2 Rxc4 26.Ra2 Rbb4 27.a5 Rb5 28.Kf3 Rcc5
29.Ke4 Rxa5 30.b4 Rxa2 31.Rxa2 Rc6 32.f4 Rc4 33.Rxa6 Rxb4 34.fxe5 fxe5 35.Rc6 Bb2+
36.Kf5 h6 37.h3 Rb3 38.Kg6 Rf3 39.Rc8+ Rf8 40.Rxf8+ Kxf8 41.Kf5 Kf7  1/2-1/2

[Event "EU-chT"]
[Site "Haifa"]
[Date "1989.??.??"]
[Round "5"]
[White "Marinelli, Tullio"]
[Black "Pergericht, Daniel"]
[Result "1/2-1/2"]
[WhiteElo "2375"]
[BlackElo "2325"]

1.d4 Nf6 2.c4 e6 3.g3 d5 4.Nf3 Be7 5.Bg2 O-O 6.O-O c6 7.Qc2 b6 8.b3 a5 9.Bb2 a4
10.bxa4 Ba6 11.Nbd2 Nbd7 12.Rfc1 Bb7 13.e4 Nxe4 14.Nxe4 dxe4 15.Nd2 f5 16.Qb3 c5
17.d5 Nf6 18.Rd1 Qc7 19.Nf1 exd5 20.cxd5 c4 21.Rac1 Bxd5 22.Ne3 Qb7 23.Nxc4 Bc5
24.Bd4 Qc6 25.Bxc5 bxc5 26.a5 Rfb8 27.Qc3 Rb4 28.Nb6 Rxa5 29.Nxd5 Nxd5 30.Qe5 Nf6
31.Rd8+ Kf7 32.Qxf5 Qb6 33.Rcd1 Rd4 34.Rd7+ Kg8 35.R7xd4 cxd4 36.Qc8+ Kf7
37.Qc4+ Kg6 38.Qxd4 Qxd4 39.Rxd4 Rxa2 40.Bxe4+ Nxe4 41.Rxe4 h6 42.Kg2 Ra3
43.h3 Rb3 44.Ra4 Rc3 45.g4 Rb3 46.h4 Rc3 47.f3 Rb3 48.Kg3 Kf6 49.Ra6+ Kf7
50.g5 hxg5 51.hxg5 Rb4 52.g6+ Ke7 53.f4 Rb5 54.Kg4 Rc5 55.Ra7+ Kf6 56.f5 Rc4+
57.Kh5 Rc1  1/2-1/2

[Event "EU-chT"]
[Site "Haifa"]
[Date "1989.??.??"]
[Round "7"]
[White "Pergericht, Daniel"]
[Black "Onat, Ilhan"]
[Result "1/2-1/2"]
[WhiteElo "2325"]
[BlackElo "2360"]

1.d4 Nf6 2.c4 e6 3.g3 d5 4.Nf3 Be7 5.Bg2 O-O 6.O-O Nbd7 7.Qc2 c6 8.Rd1 Ne4
9.b3 b5 10.Ne5 Nxe5 11.dxe5 Nc5 12.cxd5 cxd5 13.Be3 Na6 14.Qc6 Rb8 15.Bxa7 Nb4
16.Qc3 Ra8 17.Bd4 Rxa2 18.Rxa2 Nxa2 19.Qd2 Nb4 20.Nc3 Bd7 21.Ra1 Bc6 22.e3 f6
23.Ra7 fxe5 24.Bxe5 Bf6 25.Qd4 Bxe5 26.Qxe5 Qf6 27.Qxf6 gxf6 28.Bf1 Rb8 29.Ra5 Kf7
30.Nxb5 e5 31.Be2 Ke6 32.Kf1 h6 33.Ke1 Bxb5 34.Rxb5 Rxb5 35.Bxb5 Kd6 36.Kd2 Kc5
37.Be8 e4 38.Kc3 Na2+ 39.Kd2 Nb4 40.Bh5 Nc6 41.Kc3 Nb4 42.f3 exf3 43.Bxf3 Nc6
44.Bg4 Nb4 45.Be6 Nc6 46.Bc8 Nb4 47.Bb7 Na2+ 48.Kd2 Kd6 49.Bc8 Ke5 50.Bh3 Nb4
51.Bg2 Na2 52.Bf3 Nb4 53.Bd1 Ke4 54.Ke2 f5 55.h3 Ke5 56.Kd2 Ke4 57.Be2 d4
58.exd4 Kxd4 59.Bc4 Ke4 60.Ke2 h5 61.Bf7 Nc6 62.Kf2 f4 63.Bxh5 fxg3+ 64.Kxg3 Kf5
65.Be8 Nb4 66.Bd7+ Kg5 67.Bg4 Na2 68.h4+ Kg6 69.Kf3 Kf6 70.Ke4 Nc1 71.b4 Na2  1/2-1/2

[Event "EU-chT"]
[Site "Haifa"]
[Date "1989.??.??"]
[Round "8"]
[White "Miralles, Gilles"]
[Black "Vaganian, Rafael A"]
[Result "0-1"]
[WhiteElo "2445"]
[BlackElo "2585"]

1.c4 Nf6 2.g3 e6 3.Bg2 d5 4.d4 Be7 5.Nf3 O-O 6.O-O dxc4 7.Qc2 a6 8.Qxc4 b5
9.Qc2 Bb7 10.Bg5 Nbd7 11.Bxf6 Nxf6 12.Nbd2 Rc8 13.Nb3 Be4 14.Qc3 Nd5 15.Qd2 c5
16.Nxc5 Bxc5 17.dxc5 Rxc5 18.Rac1 Rxc1 19.Rxc1 Qa8 20.Qd4 Nf6 21.Qb6 h6 22.h3 Rd8
23.Kh2 Nd5 24.Qa5 Rb8 25.Rc5 Qa7 26.b4 Qb7 27.Qa3 Nb6 28.Qc1 Rc8 29.Rxc8+ Nxc8
30.Qc5 Nb6 31.Qd4 Bd5 32.Ne1 Bxg2 33.Nxg2 Nd5 34.Qc5 Qb6 35.Qxb6 Nxb6 36.Ne1 Na4
37.a3 Nc3 38.e3 Kf8 39.Kg2 Ke7 40.Kf3 f5 41.Nd3 Ne4 42.g4 Kd6 43.gxf5 exf5
44.h4 g5 45.hxg5 hxg5 46.Ne1 Kd5 47.Nc2 g4+ 48.Kf4 Nxf2 49.Nd4 Nh3+ 50.Kxf5 g3
51.Nf3 g2 52.e4+ Kc6 53.e5 Kd7 54.Kf6 Ke8 55.e6 g1=Q 56.Nxg1 Nxg1 57.Ke5 Ne2
58.Kd6 Nc3 59.Kc6 Nb1 60.Kb6 Nxa3 61.Kxa6 Ke7  0-1

[Event "KRO m"]
[Site "Hilversum"]
[Date "1989.??.??"]
[Round "1"]
[White "Timman, Jan H"]
[Black "Short, Nigel D"]
[Result "1-0"]
[WhiteElo "2610"]
[BlackElo "2650"]

1.d4 Nf6 2.c4 e6 3.Nf3 d5 4.g3 Be7 5.Bg2 O-O 6.O-O dxc4 7.Qc2 a6 8.Qxc4 b5
9.Qc2 Bb7 10.Bd2 Nc6 11.e3 Ra7 12.Rc1 Qa8 13.Ne1 Nb8 14.Ba5 Rc8 15.Nd2 Bxg2
16.Nxg2 c5 17.Bb6 Rd7 18.Bxc5 a5 19.a4 b4 20.Nf4 Rdc7 21.Nd3 Nbd7 22.Qc4 h5
23.h4 e5 24.Nb3 Ne4 25.Qb5 Ndxc5 26.Ndxc5 Nxg3 27.fxg3 Qf3 28.Kh2 Qf2+ 29.Kh3 Bxh4
30.Rg1 Bg5 31.Rgf1 Qxb2 32.Rab1 Qc2 33.Qd3 Rxc5 34.Nxc5 Rxc5 35.Qf5 exd4
36.Qxf7+ Kh7 37.Rbc1 Qxc1 38.Rxc1 Rxc1 39.exd4 Kh6 40.Qe6+ Bf6 41.Qe3+ Bg5
42.Qe5 Rc3 43.Qxa5 h4 44.Qxb4 Rxg3+ 45.Kh2 Rd3 46.Qd6+ Kh5 47.a5 Rd2+ 48.Kh3 Rd3+
49.Kh2 Rd2+ 50.Kh1 Rd1+ 51.Kg2 Rd2+ 52.Kf3 h3 53.Qc6 Rd3+ 54.Ke4 Ra3 55.Kf5 Rxa5+
56.d5 Bf6 57.Qe8+  1-0

[Event "NLD-ch"]
[Site "Hilversum"]
[Date "1989.??.??"]
[Round "6"]
[White "Vanheste, Jeroen"]
[Black "Langeweg, Kick"]
[Result "1/2-1/2"]
[WhiteElo "2410"]
[BlackElo "2365"]

1.d4 Nf6 2.c4 e6 3.g3 d5 4.Bg2 Be7 5.Nf3 O-O 6.O-O b6 7.Nc3 Bb7 8.Ne5 Na6
9.cxd5 exd5 10.Bg5 c5 11.dxc5 Nxc5 12.Rc1 Nfe4 13.Nxe4 dxe4 14.Qxd8 Bxd8
15.Be3 Re8 16.Bxc5 Rxe5 17.Bd4 Re7 18.Rfd1 Bc7 19.Rc2 Rd8 20.Rcd2 Red7  1/2-1/2

[Event "HUN-ch"]
[Site "?"]
[Date "1989.??.??"]
[Round "?"]
[White "Horvath, Jozsef"]
[Black "Horvath, Csaba"]
[Result "1/2-1/2"]
[WhiteElo "2510"]
[BlackElo "2445"]

1.d4 d5 2.c4 e6 3.Nf3 Nf6 4.g3 Be7 5.Bg2 O-O 6.O-O Nbd7 7.Nc3 c6 8.b3 b6
9.Qc2 Bb7 10.Rd1 Rc8 11.e4 c5 12.exd5 exd5 13.dxc5 dxc4 14.b4 bxc5 15.b5 Bxf3
16.Bxf3 Ne5 17.Rxd8 Nxf3+ 18.Kh1 Rcxd8 19.Qe2 Rd3 20.Qxe7 Re8 21.Qxc5 Re5
22.Qxc4 Re1+ 23.Kg2 Rg1+ 24.Kh3 g5 25.Bxg5 Nxg5+ 26.Kh4 Nf3+  1/2-1/2

[Event "JUG-ch"]
[Site "?"]
[Date "1989.??.??"]
[Round "?"]
[White "Kozul, Zdenko"]
[Black "Ivanovic, Bozidar"]
[Result "1-0"]
[WhiteElo "2490"]
[BlackElo "2530"]

1.d4 Nf6 2.c4 e6 3.Nf3 d5 4.g3 Be7 5.Bg2 O-O 6.O-O dxc4 7.Na3 c5 8.dxc5 Bxc5
9.Nxc4 Nc6 10.a3 a5 11.Bg5 h6 12.Qxd8 Rxd8 13.Bxf6 gxf6 14.Rfd1 Bd7 15.Nfd2 Nd4
16.e3 Nf5 17.Ne4 Bb5 18.Rxd8+ Rxd8 19.Nxc5 Bxc4 20.Nxb7 Rd2 21.Nxa5 Ba6 22.b4 Rb2
23.Nc6 Bb5 24.a4 Bxc6 25.Bxc6 Ne7 26.b5 Nxc6 27.bxc6 Rc2 28.a5 Rxc6 29.a6 Rc8
30.a7 Ra8 31.Kg2 Kf8 32.Kf3 Ke7 33.Ra6 Ke8 34.Ke4 h5 35.Kd4  1-0

[Event "URS-sf Ukraine-ch"]
[Site "Kherson"]
[Date "1989.??.??"]
[Round "?"]
[White "Romanishin, Oleg M"]
[Black "Shneider, Aleksandr"]
[Result "1-0"]
[WhiteElo "2515"]
[BlackElo "2495"]

1.d4 Nf6 2.Nf3 e6 3.g3 d5 4.Bg2 Be7 5.c4 O-O 6.Qc2 c5 7.dxc5 Qa5+ 8.Nc3 dxc4
9.O-O Nc6 10.Bg5 Qxc5 11.Bxf6 Bxf6 12.Ne4 Qe7 13.Rfd1 b5 14.a4 Rb8 15.axb5 Rxb5
16.Qxc4 Rb6 17.Nxf6+ Qxf6 18.Nd2 Bb7 19.b3 Ne5 20.Qd4 Bxg2 21.Kxg2 Nc6 22.Qe3 Rfb8
23.Ne4 Qe7 24.Nc5 Rd8 25.Rac1 Nb4 26.Rxd8+ Qxd8 27.Qf3 h6 28.Rc4 Nd5 29.e4 Ne7
30.Qc3 Qa8 31.h4 Ng6 32.Nd7 Qb7 33.Nxb6 Qxb6 34.h5 Ne7 35.Qb4  1-0

[Event "Leningrad-chT"]
[Site "Leningrad"]
[Date "1989.??.??"]
[Round "?"]
[White "Savchenko, Stanislav"]
[Black "Klovans, Janis"]
[Result "1/2-1/2"]
[WhiteElo "2395"]
[BlackElo "2355"]

1.d4 d5 2.c4 e6 3.Nf3 Nf6 4.g3 Be7 5.Bg2 O-O 6.O-O dxc4 7.Qc2 a6 8.Qxc4 b5
9.Qc2 Bb7 10.Bd2 Be4 11.Qc1 Nbd7 12.Ba5 Rc8 13.Nc3 Ba8 14.a4 Ne4 15.axb5 Nxc3
16.Qxc3 axb5 17.Qd3 b4 18.Qd2 Rb8 19.Rfc1 Bd6 20.Qc2 Nf6 21.Bxc7 Bxc7 22.Qxc7 Bxf3
23.Qxd8 Rfxd8 24.Bxf3 Rxd4 25.Ra7 Rd7 26.Ra4 g5 27.Rc4 Rd2 28.Rcxb4 Rxb2
29.Rxb8+ Rxb8  1/2-1/2

[Event "Leon"]
[Site "Leon"]
[Date "1989.??.??"]
[Round "?"]
[White "Sion Castro, Marcelino"]
[Black "Campos Moreno, Javier B"]
[Result "1/2-1/2"]
[WhiteElo "2315"]
[BlackElo "2430"]

1.d4 Nf6 2.Nf3 d5 3.c4 e6 4.g3 Be7 5.Bg2 O-O 6.O-O dxc4 7.Qc2 a6 8.Qxc4 b5
9.Qc2 Bb7 10.Bg5 Nbd7 11.Nbd2 Rc8 12.Bxf6 Nxf6 13.Nb3 c5 14.dxc5 a5 15.Rfd1 Qc7
16.c6 Bxc6 17.Nfd4 Bxg2 18.Qxc7 Rxc7 19.Kxg2 a4 20.Nxb5 Rc2 21.N3d4 Rxb2
22.Rdb1  1/2-1/2

[Event "Lodz"]
[Site "Lodz"]
[Date "1989.??.??"]
[Round "5"]
[White "Rakowiecki, Tomasz"]
[Black "Gizynski, Tomasz"]
[Result "1/2-1/2"]
[WhiteElo "2320"]
[BlackElo "2370"]

1.d4 d5 2.c4 e6 3.Nf3 Nf6 4.g3 Be7 5.Bg2 O-O 6.O-O c6 7.Qc2 Nbd7 8.Nbd2 b6
9.b3 Bb7 10.Bb2 Rc8 11.e4  1/2-1/2

[Event "Lugano op"]
[Site "Lugano"]
[Date "1989.??.??"]
[Round "2"]
[White "Birnboim, Nathan"]
[Black "Verat, Laurent"]
[Result "1-0"]
[WhiteElo "2390"]
[BlackElo "2235"]

1.d4 Nf6 2.c4 e6 3.g3 d5 4.Bg2 Be7 5.Nf3 O-O 6.O-O dxc4 7.Qc2 a6 8.a4 Bd7
9.Qxc4 Bc6 10.Bf4 a5 11.Nc3 Na6 12.Rae1 Nb4 13.e4 Nd7 14.Qe2 Nb6 15.b3 Bd6
16.Bg5 Qe8 17.h3 f5 18.Ne5 Bxe5 19.dxe5 Nd7 20.Nb5 Bxb5 21.Qxb5 c6 22.Qxb7 Nxe5
23.exf5 Rf7 24.Qb6 Rxf5 25.f4 Ned3 26.Re3 Nc5 27.g4 Rb8 28.Qxa5 Nxb3 29.Qc7 Nd5
30.Bxd5 Rxd5 31.Rxe6 Qc8 32.Rxc6 Qxc7 33.Rxc7 h6 34.Be7 Rd4 35.Rb1 Rxa4 36.Bd6 Rb5
37.Be5 g5 38.Rd1 Ra8 39.Rdd7 gxf4 40.Bd6  1-0

[Event "Lugano op"]
[Site "Lugano"]
[Date "1989.??.??"]
[Round "3"]
[White "Chernin, Alexander"]
[Black "Boensch, Uwe"]
[Result "0-1"]
[WhiteElo "2580"]
[BlackElo "2490"]

1.c4 e6 2.g3 d5 3.Bg2 Nf6 4.d4 Be7 5.Nf3 O-O 6.Nc3 b6 7.cxd5 Nxd5 8.Ne5 Bb7
9.Nxd5 Bxd5 10.e4 Bb7 11.O-O Nd7 12.Ng4 f5 13.exf5 Bxg2 14.Kxg2 Rxf5 15.Bf4 Nf8
16.Ne3 Rf7 17.Rc1 c5 18.dxc5 Bxc5 19.Nc4 Ng6 20.Be3 Bxe3 21.Nxe3 Qf6 22.Qe2 Qe5
23.Rc4 Rd8 24.Re1 h5 25.f4 Qa5 26.b4 Qb5 27.Re4 Qc6 28.Qc4 Rd2+ 29.Kh3 Qb7
30.Nf1 Rf2 31.b5 Nf8 32.a4 Rc7 33.Qd4 Rcc2 34.Qe5 Qf7 35.Qg5 e5 36.Rxe5 Qa2
37.g4 Rxh2+ 38.Kg3 Rcg2+ 39.Kf3 Qf2+  0-1

[Event "Lugano op"]
[Site "Lugano"]
[Date "1989.??.??"]
[Round "4"]
[White "Kohlweyer, Bernd"]
[Black "Verat, Laurent"]
[Result "1/2-1/2"]
[WhiteElo "2365"]
[BlackElo "2235"]

1.d4 Nf6 2.c4 e6 3.g3 d5 4.Bg2 Be7 5.Nf3 O-O 6.O-O dxc4 7.Qc2 a6 8.Qxc4 b5
9.Qc2 Bb7 10.Bf4 Nc6 11.Nbd2 Nxd4 12.Nxd4 Bxg2 13.Nxe6 fxe6 14.Kxg2 c5 15.Nf3 Qb6
16.Be5 Nd5 17.Qe4 Nf6 18.Qc2 Nd5 19.h4 Bf6 20.Qe4 Bxe5 21.Qxe5 Rf5 22.Qe4 Re8
23.a4 Nf6 24.Qc2 Ng4 25.axb5 axb5 26.Qe4 Nf6 27.Qb1 Ng4 28.Qe4 Nf6  1/2-1/2

[Event "Lugano op"]
[Site "Lugano"]
[Date "1989.??.??"]
[Round "6"]
[White "Birnboim, Nathan"]
[Black "Namyslo, Holger"]
[Result "1/2-1/2"]
[WhiteElo "2390"]
[BlackElo "2210"]

1.d4 e6 2.c4 d5 3.Nf3 Nf6 4.g3 Be7 5.Bg2 O-O 6.O-O dxc4 7.Qc2 a6 8.a4 Bd7
9.Qxc4 Bc6 10.Bf4 Bd6 11.Bg5 Nbd7 12.Nc3 h6 13.Bd2 e5 14.dxe5 Nxe5 15.Nxe5 Bxe5
16.Bxc6 Qxd2 17.Bxb7 Rab8 18.Qxa6 Qxb2 19.Nb5 Qxe2 20.Rae1 Qh5 21.Bg2 Rb6
22.Qa7 Bxg3 23.fxg3 Qc5+ 24.Kh1 Rxb5 25.Qxc5 Rxc5 26.Ra1 Nd5 27.a5 Ne3 28.Rfb1 Nxg2
29.a6 Ra8 30.Kxg2 Rc6 31.a7 Rb6 32.Rxb6 cxb6 33.Kf3 Kf8  1/2-1/2

[Event "Lugano op"]
[Site "Lugano"]
[Date "1989.??.??"]
[Round "9"]
[White "Verat, Laurent"]
[Black "Keller, M."]
[Result "1-0"]
[WhiteElo "2235"]
[BlackElo "2245"]

1.d4 Nf6 2.c4 e6 3.g3 d5 4.Bg2 Be7 5.Nf3 O-O 6.O-O dxc4 7.Qc2 a6 8.Qxc4 b5
9.Qc2 Bb7 10.Bf4 Nc6 11.Rd1 Nb4 12.Qc1 Nbd5 13.Nc3 Nxf4 14.Qxf4 Qc8 15.Rac1 c5
16.dxc5 Qxc5 17.Ne4 Qf5 18.Qxf5 exf5 19.Nd6 Be4 20.Ne1 Rfd8 21.Bxe4 fxe4
22.Nf5 Rxd1 23.Rxd1 Kf8 24.Rc1 Nd5 25.Nxe7 Kxe7 26.Ng2 Rd8 27.Kf1 Rd6 28.Ke1 g6
29.Rc5 f5 30.a3 Nb6 31.Ne3 Kd7 32.g4 f4 33.Nd1 Rd5 34.Rc2 Nc4 35.a4 Nd6 36.axb5 axb5
37.Rc3 h5 38.h3 hxg4 39.hxg4 Rg5 40.f3 e3 41.Rd3 Rc5 42.Nc3 Ke6 43.Kd1 g5
44.Rd4 Ke5 45.Rb4 Rc4 46.Rb3 Rc5 47.Kc2 Rc4 48.Kb1 Rc5 49.Ka2 Ke6 50.Rb4 Kd7
51.Kb3 Kc6 52.Rd4 Nc4 53.Ne4 Re5 54.Kc3 Nb6 55.Rd6+ Kc7 56.Rg6 Na4+ 57.Kc2 Nc5
58.Rxg5 Rxg5 59.Nxg5 Kc6 60.Ne4 Ne6 61.Kd3 Kd5 62.Nc3+ Kc5 63.Ke4  1-0

[Event "Lugano op"]
[Site "Lugano"]
[Date "1989.??.??"]
[Round "9"]
[White "Michalet, Guy"]
[Black "Renaze, Luc"]
[Result "1/2-1/2"]
[WhiteElo "2215"]
[BlackElo "2225"]

1.d4 Nf6 2.c4 e6 3.g3 d5 4.Bg2 Be7 5.Nf3 O-O 6.O-O b6 7.cxd5 exd5 8.Nc3 Bb7
9.Ne5 Na6 10.Qa4 Qe8 11.Qb3 c6 12.e4 Nc7 13.Re1 Qd8 14.Be3 Re8 15.Rad1 Bd6
16.f4 Re7 17.Bf2 Qe8 18.Nxc6 Qxc6 19.e5 Ng4 20.exd6 Rxe1+ 21.Rxe1 Qxd6 22.Bh3  1/2-1/2

[Event "Luzern"]
[Site "Luzern"]
[Date "1989.??.??"]
[Round "?"]
[White "Miralles, Gilles"]
[Black "King, Daniel J"]
[Result "0-1"]
[WhiteElo "2445"]
[BlackElo "2495"]

1.c4 e6 2.g3 d5 3.Bg2 Nf6 4.Nf3 Be7 5.d4 O-O 6.O-O dxc4 7.Na3 Bxa3 8.bxa3 Bd7
9.Ne5 Bc6 10.Nxc6 Nxc6 11.Bb2 Qd7 12.e4 Rad8 13.d5 exd5 14.Bxf6 gxf6 15.exd5 Ne5
16.f4 Nd3 17.Rb1 b6 18.Qc2 Qe7 19.a4 Rfe8 20.h4 Qe3+ 21.Kh2 Qd4 22.Qd1 Re3
23.Qg4+ Kf8 24.Qf5 c3 25.Qxh7 c2 26.Rb3 Ke7 27.h5 Rxd5 28.Bxd5 Qxd5 29.Kh3 Qe6+
30.Kh4 Re2 31.g4 Rh2+ 32.Kg3 Qe2  0-1

[Event "Lyngby op"]
[Site "Lyngby"]
[Date "1989.??.??"]
[Round "4"]
[White "Fedder, Steen"]
[Black "Happel, Hendrik A"]
[Result "1-0"]
[WhiteElo "2390"]
[BlackElo "2305"]

1.d4 Nf6 2.c4 e6 3.g3 d5 4.Nf3 Be7 5.Bg2 O-O 6.O-O c6 7.Nc3 b6 8.Ne5 Nfd7
9.cxd5 Nxe5 10.dxe5 cxd5 11.Nxd5 exd5 12.Qxd5 Qxd5 13.Bxd5 Bh3 14.Bxa8 Bxf1
15.Kxf1 Nd7 16.Bd5 Nxe5 17.f4 Rd8 18.Bb3 Ng4 19.h3 Nf6 20.Be3 Ne4 21.Kg2 Bf6
22.Rc1 Nd2 23.Bxd2 Rxd2 24.Rc7 h6 25.Kf3 a5 26.Bxf7+ Kf8 27.Bg6 Rxb2 28.Rf7+ Kg8
29.e4 Rd2 30.e5 Bd8 31.e6  1-0

[Event "Marianske Lazne op"]
[Site "Marianske Lazne"]
[Date "1989.??.??"]
[Round "2"]
[White "Szymczak, Zbigniew"]
[Black "Ac, Michal"]
[Result "1-0"]
[WhiteElo "2400"]
[BlackElo "2220"]

1.d4 Nf6 2.c4 e6 3.Nf3 d5 4.g3 Be7 5.Bg2 O-O 6.O-O Nbd7 7.Qc2 c6 8.b3 b6
9.Nc3 Bb7 10.Rd1 Rc8 11.e4 c5 12.exd5 exd5 13.Bb2 dxc4 14.d5 Ne8 15.bxc4 Nd6
16.Nd2 Nf6 17.a4 a6 18.Nce4 Re8 19.Rab1 Nfxe4 20.Nxe4 Rb8 21.Nxd6 Bxd6 22.Bc3 Bc8
23.Qb2 Qg5 24.Re1 Bd7 25.Rxe8+ Bxe8 26.Qa1 Bd7 27.f4 Qg6 28.Re1 h5 29.Be5 Re8
30.a5 bxa5 31.Qxa5 h4 32.Qc3 hxg3 33.hxg3 Bf8 34.Kf2 Rc8 35.Qd2 f6 36.Bc3 Bd6
37.Be4 Bf5 38.Bxf5 Qxf5 39.Qe3 Rb8 40.Qe6+ Qxe6 41.Rxe6 Bf8 42.Rxa6 Rb3 43.Ba5 Ra3
44.Ra8 Kf7 45.Ra7+ Kg6 46.Bb6 Rc3 47.Ra8 Kf7 48.Ra4 Kg6 49.Bc7 Rd3 50.f5+ Kf7
51.Ra7 Ke8 52.Ra8+ Kf7 53.Bf4 Rd4 54.Ra4 Be7 55.Be3 Rd3 56.Ke2 Rc3 57.Bf4 Rc2+
58.Kd3 Rf2 59.Ra7  1-0

[Event "Mendrisio op"]
[Site "Mendrisio"]
[Date "1989.??.??"]
[Round "4"]
[White "Sibilio, Mario"]
[Black "Muir, Andrew J"]
[Result "1/2-1/2"]
[WhiteElo "2325"]
[BlackElo "2250"]

1.Nf3 d5 2.d4 Nf6 3.g3 e6 4.Bg2 Be7 5.c4 O-O 6.O-O dxc4 7.Qa4 a6 8.Qxc4 b5
9.Qc2 Bb7 10.Bf4 Nc6 11.Nc3 Nb4 12.Qb3 c5 13.dxc5 Bxc5 14.Bg5 Nbd5 15.Ne4 Be7
16.Nxf6+ Bxf6 17.Bxf6 Nxf6 18.Rfd1 Bd5 19.Qe3 Rc8 20.Ne1 Qa5 21.Qd2 Qb6 22.Qd4 Qxd4
23.Rxd4 Rc4 24.Rxc4 bxc4 25.Rc1 Rb8 26.Rc2 Kf8 27.f3 e5 28.e4 Be6 29.Bf1 Nd7
30.Ng2 Nb6 31.Ne3 a5 32.Rd2 Ke7 33.Kf2 g6 34.f4 f6 35.Ke1  1/2-1/2

[Event "URS-ch sf"]
[Site "Moscow"]
[Date "1989.??.??"]
[Round "?"]
[White "Krasenkow, Michal"]
[Black "Arbakov, Valentin"]
[Result "1-0"]
[WhiteElo "2525"]
[BlackElo "2400"]

1.Nf3 d5 2.d4 Nf6 3.c4 e6 4.g3 Be7 5.Bg2 O-O 6.O-O dxc4 7.Na3 Bxa3 8.bxa3 b5
9.a4 a6 10.Ba3 Re8 11.Ne5 Nd5 12.e4 Nf6 13.Nxf7 Kxf7 14.e5 Nd5 15.Qh5+ Kg8
16.Be4 g6 17.Bxg6 hxg6 18.Qxg6+ Kh8 19.Rfe1 Nc3 20.Re3 Bb7 21.Rxc3 Nd7 22.Qh6+ Kg8
23.Qg6+ Kh8 24.Qh6+ Kg8 25.g4 Re7 26.Rh3 Nf8 27.Qh8+ Kf7 28.Rh6 Ke8 29.Rxe6 Rxe6
30.Qxf8+ Kd7 31.Qf7+ Re7 32.e6+ Kc6 33.Qf6 Qd5 34.Bxe7 Kb6 35.f3 Rg8 36.Bc5+ Ka5
37.Qf4 c3 38.axb5 axb5 39.a4 Rc8 40.axb5+ Kxb5 41.Rb1+ Kc4 42.Qe3  1-0

[Event "EUCup Moscow-ZSKA"]
[Site "Moscow"]
[Date "1989.??.??"]
[Round "?"]
[White "Kaidanov, Grigory S"]
[Black "Dautov, Rustem"]
[Result "1/2-1/2"]
[WhiteElo "2535"]
[BlackElo "2535"]

1.d4 Nf6 2.c4 e6 3.g3 d5 4.Bg2 Be7 5.Nf3 O-O 6.O-O dxc4 7.Qc2 a6 8.a4 Bd7
9.Qxc4 Bc6 10.Bg5 a5 11.Nc3 Na6 12.Rac1 Nb4 13.Rfd1 Rc8 14.Bxf6 Bxf6 15.e4 b6
16.e5 Be7 17.Ne1 Bxg2 18.Nxg2 Qd7 19.d5 exd5 20.Nxd5 Nxd5 21.Rxd5 Qf5 22.Ne3 Qe6
23.Qf4 c6 24.Rdd1 Rfd8 25.Nf5 Rxd1+ 26.Rxd1 Bf8 27.Qe4 Re8 28.f4 f6 29.Kg2 fxe5
30.Re1 Bc5 31.fxe5 Qd5 32.Qxd5+ cxd5 33.g4 g6 34.Nd6 Bxd6 35.exd6 Rd8 36.Re6 Kf7
37.Re7+ Kf6 38.Rxh7 Rxd6 39.Rc7 d4 40.Kf2 d3 41.Ke1 Kg5 42.h3 d2+ 43.Kd1 Kf4
44.Re7  1/2-1/2

[Event "Naleczow op"]
[Site "Naleczow"]
[Date "1989.??.??"]
[Round "?"]
[White "Ksieski, Zbigniew"]
[Black "Kasperek, Ryszard"]
[Result "1-0"]
[WhiteElo "2365"]
[BlackElo "2290"]

1.d4 Nf6 2.c4 e6 3.g3 d5 4.Nf3 Be7 5.Bg2 O-O 6.O-O dxc4 7.Qc2 a6 8.Nbd2 b5
9.Ng5 Ra7 10.a4 Bb7 11.axb5 Bxg2 12.Kxg2 Qd5+ 13.Ngf3 Qxb5 14.Nxc4 Nc6 15.Bd2 Rd8
16.Na5 Nxa5 17.Rxa5 Qb7 18.Rc1 Rd5 19.Rxd5 Qxd5 20.Bf4 Bd6 21.Bxd6 Qxd6 22.Qb3 Qd8
23.Rc6 h6 24.h4 Qa8 25.Qc4 Qb8 26.b3 Qb5 27.Ne5 Qxc4 28.Nxc4 Nd5 29.Na5 Ne7
30.Rc4 Kf8 31.Rb4 f5 32.Rb8+ Kf7 33.e3 c5 34.dxc5 Rc7 35.b4 e5 36.h5 Nd5
37.Nc4 Ke6 38.Kh3 Ne7 39.g4 Nc6 40.Rb6 Kd5 41.Nd2 a5 42.b5 Kxc5 43.Rxc6+ Rxc6
44.bxc6 Kxc6 45.gxf5 a4 46.Nb1 Kc5 47.e4 Kd4 48.Kg4 Kd3 49.f4 Kxe4 50.Nc3+ Kd3
51.fxe5  1-0

[Event "New York op"]
[Site "New York"]
[Date "1989.??.??"]
[Round "4"]
[White "Romanishin, Oleg M"]
[Black "Lein, Anatoly"]
[Result "1-0"]
[WhiteElo "2555"]
[BlackElo "2485"]

1.Nf3 Nf6 2.c4 e6 3.g3 d5 4.d4 Be7 5.Bg2 O-O 6.Qc2 dxc4 7.Qxc4 a6 8.Qc2 c5
9.dxc5 Qa5+ 10.Nc3 Nc6 11.O-O Qxc5 12.Be3 Qh5 13.h3 Nb4 14.Qb3 Qa5 15.Nd2 Nbd5
16.Nc4 Qb4 17.Qxb4 Bxb4 18.Bd4 Bxc3 19.bxc3 b5 20.Na5 Bd7 21.e4 Ne7 22.Rfd1 Nc6
23.Bxf6 gxf6 24.e5 Rac8 25.Rxd7 Nxa5 26.exf6 Rxc3 27.Rd6 Nc4 28.Rxa6 Ne5
29.Rd1 Nf3+ 30.Kh1 h5 31.Rb6 Kh7 32.Rxb5 Kg6 33.Rb3 Rxb3 34.axb3 Ng5 35.f4 Nh7
36.Be4+ Kh6 37.g4 hxg4 38.hxg4 Rb8 39.Rd3 Ng5 40.fxg5+ Kxg5 41.Bf3  1-0

[Event "New York op"]
[Site "New York"]
[Date "1989.??.??"]
[Round "6"]
[White "Gulko, Boris F"]
[Black "Petursson, Margeir"]
[Result "1/2-1/2"]
[WhiteElo "2610"]
[BlackElo "2530"]

1.d4 Nf6 2.c4 e6 3.g3 d5 4.Bg2 Be7 5.Nf3 O-O 6.Qc2 c5 7.O-O cxd4 8.Nxd4 Nc6
9.Nxc6 bxc6 10.b3 Bb7 11.Rd1 Qa5 12.Bb2 Rfd8 13.Nd2 Qb6 14.Rac1 Rac8 15.e3 a5
16.Bc3 Nd7 17.Qb2 Bf6 18.Bd4 c5 19.Bxf6 Nxf6 20.cxd5 exd5 21.Nf3 a4 22.Rc2 axb3
23.axb3 Ra8 24.Ne5  1/2-1/2

[Event "New York op"]
[Site "New York"]
[Date "1989.??.??"]
[Round "8"]
[White "Wojtkiewicz, Aleksander"]
[Black "Shapiro, Daniel E"]
[Result "1-0"]
[WhiteElo "2460"]
[BlackElo "2350"]

1.Nf3 Nf6 2.c4 e6 3.g3 d5 4.d4 Be7 5.Bg2 O-O 6.O-O dxc4 7.Ne5 Nc6 8.Bxc6 bxc6
9.Nxc6 Qe8 10.Nxe7+ Qxe7 11.Qa4 e5 12.dxe5 Qxe5 13.Qxc4 Be6 14.Qd3 Rad8 15.Qe3 Qh5
16.f3 Bh3 17.Re1 Rfe8 18.Qf2 Nd5 19.Bd2 f5 20.Nc3 Nb4 21.Red1 Re6 22.Bf4 Rde8
23.Qc5 a5 24.Rd2 g5 25.Bxc7 Rc6 26.Qxa5 Rh6 27.Qxb4 Bg2 28.Qc4+ Kh8 29.g4 Qh3
30.Be5+ Rxe5 31.Rd8+ Kg7 32.Qg8+ Kf6 33.Qf8+ Kg6 34.Rd6+  1-0